[Event "71st RUS-ch Superfinal Women 2021"]
[Site "Ufa"]
[Date "2021.10.09"]
[Round "1.6"]
[White "Bivol, Alina"]
[Black "Pogonina, Natalija"]
[Result "1/2-1/2"]
[WhiteElo "2392"]
[BlackElo "2467"]
[Annotator "ChessBase"]
[PlyCount "79"]
[EventDate "2021.10.09"]
[EventType "tourn"]
[EventCountry "RUS"]
[SourceTitle "playchess.com"]
[Source "ChessBase"]
[SourceQuality "1"]
[TimeControl "40/5400+30:1800+30"]

1. e4 {[%emt 0:00:07]} e5 {[%emt 0:00:05]} 2. Nf3 {[%emt 0:00:18]} Nc6 {
[%emt 0:00:05]} 3. Bb5 {[%emt 0:01:28]} a6 {[%emt 0:00:55]} 4. Ba4 {[%emt 0:00:
19]} Nf6 {[%emt 0:00:10]} 5. O-O {[%emt 0:00:51]} Be7 {[%emt 0:02:08]} 6. d3 {
[%emt 0:01:15]} b5 {[%emt 0:00:57]} 7. Bb3 {[%emt 0:00:08]} d6 {[%emt 0:00:22]}
8. a4 {[%emt 0:00:56]} Bd7 {[%emt 0:04:24]} 9. c3 {[%emt 0:00:14]} O-O {
[%emt 0:01:07]} 10. Bc2 {[%emt 0:03:16]} Re8 {[%emt 0:10:00]} 11. Re1 {[%emt 0:
00:57]} h6 {[%emt 0:03:34]} 12. h3 {[%emt 0:02:19]} Rb8 {[%emt 0:07:42]} 13.
Nbd2 {[%emt 0:04:50]} Bf8 {[%emt 0:02:19]} 14. Nf1 {[%emt 0:20:28]} b4 {
[%emt 0:08:06]} 15. d4 {[%emt 0:01:47]} bxc3 {[%emt 0:06:22]} 16. bxc3 {
[%emt 0:00:12]} exd4 {[%emt 0:00:27]} 17. cxd4 {[%emt 0:00:24]} Nb4 {[%emt 0:
02:31]} 18. Bb1 {[%emt 0:01:43]} c5 {[%emt 0:08:16]} 19. Bd2 {[%emt 0:14:38]}
cxd4 {[%emt 0:04:58]} 20. Nxd4 {[%emt 0:01:40]} Qb6 {[%emt 0:01:08]} 21. Nf3 {
[%emt 0:06:22]} d5 {[%emt 0:13:50]} 22. exd5 {[%emt 0:11:56]} Rxe1 {[%emt 0:01:
14]} 23. Bxe1 {[%emt 0:02:58]} Nbxd5 {[%emt 0:00:44]} 24. Ba2 {[%emt 0:00:50]}
Qd6 {[%emt 0:03:57]} 25. Ng3 {[%emt 0:04:17]} Nb4 {[%emt 0:02:49]} 26. Bb3 {
[%emt 0:03:10]} a5 {[%emt 0:06:29]} 27. Qxd6 {[%emt 0:02:34]} Bxd6 {[%emt 0:00:
05]} 28. Rd1 {[%emt 0:00:37]} Rb6 {[%emt 0:05:57]} 29. Nd4 {[%emt 0:00:47]} Bf8
{[%emt 0:01:08]} 30. Nf3 {[%emt 0:06:21]} Rd6 {[%emt 0:02:27]} 31. Ne5 {
[%emt 0:01:53]} Rxd1 {[%emt 0:00:19]} 32. Bxd1 {[%emt 0:00:17]} Be6 {[%emt 0:
00:37]} 33. Be2 {[%emt 0:00:22]} Nd7 {[%emt 0:01:06]} 34. Nc4 {[%emt 0:01:17]}
Nc5 {[%emt 0:00:32]} 35. Nxa5 {[%emt 0:00:39]} Nxa4 {[%emt 0:00:24]} 36. Bd2 {
[%emt 0:01:54]} Nd5 {[%emt 0:00:31]} 37. Nc6 {[%emt 0:01:05]} Nab6 {[%emt 0:00:
30]} 38. Nd4 {[%emt 0:00:31]} Bd7 {[%emt 0:00:24]} 39. Ne4 {[%emt 0:01:13]} Be7
{[%emt 0:00:30]} 40. g4 {[%emt 0:00:00]} 1/2-1/2

[Event "71st RUS-ch Superfinal Women 2021"]
[Site "Ufa"]
[Date "2021.10.10"]
[Round "2.1"]
[White "Ovod, Evgenija"]
[Black "Pogonina, Natalija"]
[Result "1-0"]
[WhiteElo "2331"]
[BlackElo "2467"]
[Annotator "RC"]
[PlyCount "143"]
[EventDate "2021.10.09"]
[EventType "tourn"]
[EventCountry "RUS"]
[SourceTitle "playchess.com"]
[Source "ChessBase"]
[SourceQuality "1"]
[TimeControl "40/5400+30:1800+30"]

1. e4 {[%emt 0:00:03]} e5 {[%emt 0:00:09]} 2. Nf3 {[%emt 0:00:06]} Nc6 {
[%emt 0:00:04]} 3. Bc4 {[%emt 0:00:06]} Nf6 {[%emt 0:00:57]} 4. d3 {[%emt 0:00:
07]} Bc5 {[%emt 0:01:14]} 5. O-O d6 {[%emt 0:00:33]} 6. c3 {[%emt 0:00:23]} a6
{[%emt 0:00:27]} 7. Bb3 {[%emt 0:00:07]} Ba7 {[%emt 0:04:10]} 8. Nbd2 {[%emt 0:
00:11]} O-O {[%emt 0:00:32]} 9. h3 {[%emt 0:00:16]} Be6 {[%emt 0:01:11]} 10.
Bc2 {[%emt 0:00:12]} d5 {[%emt 0:01:29]} 11. exd5 {[%emt 0:00:43]} Nxd5 {
[%emt 0:13:23]} 12. Re1 {[%emt 0:00:08]} Re8 {[%emt 0:00:07]} 13. Nf1 {[%emt 0:
00:42]} f6 14. Ng3 {[%emt 0:22:00]} Qd7 {[%emt 0:05:00]} 15. Nh2 {[%emt 0:05:
51]} Rad8 {[%emt 0:18:06]} 16. Qf3 {[%emt 0:00:47]} Nde7 {[%emt 0:09:47]} 17.
Be3 {[%emt 0:01:47]} Bd5 {[%emt 0:03:53]} 18. Qe2 {[%emt 0:02:10]} Bf7 {
[%emt 0:02:55]} 19. Ne4 {[%emt 0:15:55]} Nd5 {[%emt 0:00:28]} 20. Bxa7 {
[%emt 0:01:44]} Nxa7 {[%emt 0:02:24]} 21. Rad1 Nc6 22. Nc5 {[%emt 0:10:31]} Qc8
{[%emt 0:00:45]} 23. Qf3 b6 24. Ba4 {[%emt 0:03:18]} bxc5 {[%emt 0:05:28]} 25.
Bxc6 {[%emt 0:01:37]} Rf8 {[%emt 0:00:08]} 26. Ng4 {[%emt 0:06:05]} Qb8 {
[%emt 0:04:05]} 27. Qg3 {[%emt 0:09:59]} Kh8 {[%emt 0:00:39]} 28. Bxd5 {
[%emt 0:03:58]} Rxd5 {[%emt 0:05:29]} 29. Ne3 Rd7 30. b3 {[%emt 0:01:19]} Bg6 {
[%emt 0:06:43]} 31. Nc4 {[%emt 0:00:32]} Rfd8 {[%emt 0:00:25]} 32. Nb2 {
[%emt 0:02:12]} Qb6 {[%emt 0:01:46]} 33. Qe3 {[%emt 0:04:32]} Rd5 {[%emt 0:03:
34]} 34. Na4 {[%emt 0:07:20]} Qd6 {[%emt 0:03:49]} 35. c4 {[%emt 0:00:47]} Rd4
{[%emt 0:00:29]} 36. f3 {[%emt 0:00:09]} Kg8 {[%emt 0:02:24]} 37. Rd2 {[%emt 0:
01:25]} Be8 {[%emt 0:02:25]} 38. Nc3 {[%emt 0:01:22]} Bc6 {[%emt 0:02:51]} 39.
Ne2 {[%emt 0:00:51]} Rxd3 {[%emt 0:00:52]} 40. Rxd3 {[%emt 0:00:00]} Qxd3 {
[%emt 0:00:00]} 41. Qxc5 {[%emt 0:00:10]} Qd6 {[%emt 0:05:47]} 42. Qe3 {
[%emt 0:10:31]} Qd2 {[%emt 0:06:08]} 43. Nc3 {[%emt 0:00:27]} Kf7 {[%emt 0:02:
04]} 44. Kf1 {[%emt 0:02:39]} Qd4 {[%emt 0:05:34]} 45. Ke2 {[%emt 0:02:01]}
Qxe3+ {[%emt 0:04:23]} 46. Kxe3 {[%emt 0:00:03]} f5 {[%emt 0:00:04]} 47. Rd1 {
[%emt 0:01:13]} f4+ {[%emt 0:00:27]} 48. Ke2 {[%emt 0:00:26]} Rxd1 {[%emt 0:01:
03]} 49. Kxd1 {[%emt 0:00:47]} g5 {[%emt 0:04:24]} 50. b4 {[%emt 0:01:03]} h5 {
[%emt 0:01:08]} 51. Ke2 {[%emt 0:05:40]} g4 {[%emt 0:01:10]} 52. hxg4 {[%emt 0:
02:33]} hxg4 {[%emt 0:00:19]} 53. Nd5 {[%emt 0:00:16]} g3 {[%emt 0:02:50]} 54.
Nxc7 {[%emt 0:00:18]} Bb7 {[%emt 0:00:16]} 55. Nd5 {[%emt 0:03:53]} Ke6 {
[%emt 0:00:10]} 56. Nc3 {[%emt 0:00:39]} a5 {[%emt 0:02:05]} 57. b5 {[%emt 0:
01:45]} Kd6 {[%emt 0:00:16]} 58. Na4 {[%emt 0:00:07]} Kc7 {[%emt 0:00:56]} 59.
Nc5 {[%emt 0:02:42]} Bc8 {[%emt 0:00:31]} 60. a4 {[%emt 0:02:49]} Bf5 {[%emt 0:
00:56]} 61. Nd3 {[%emt 0:01:00]} Kd6 {[%emt 0:00:23]} 62. c5+ {[%emt 0:00:07]}
Kd5 {[%emt 0:00:27]} 63. c6 {[%emt 0:00:05]} Kd6 {[%emt 0:01:09]} 64. Nb2 {
[%emt 0:00:38]} Be6 {[%emt 0:00:32]} 65. Kd3 {[%emt 0:00:29]} Bf5+ {[%emt 0:00:
09]} 66. Kc3 {[%emt 0:00:46]} Bh3 {[%emt 0:00:54]} 67. Nc4+ {[%emt 0:00:06]}
Kc7 {[%emt 0:00:25]} 68. Nxe5 {[%emt 0:00:38]} Bxg2 {[%emt 0:00:06]} 69. Kd2 {
[%emt 0:00:41]} Kd6 {[%emt 0:01:03]} 70. b6 {[%emt 0:00:53]} Bf1 {[%emt 0:00:
34]} 71. b7 {[%emt 0:00:23]} Kc7 {[%emt 0:00:04]} 72. Nd7 {[%emt 0:00:12]} 1-0

[Event "71st RUS-ch Superfinal Women 2021"]
[Site "Ufa"]
[Date "2021.10.10"]
[Round "2.2"]
[White "Voit, Daria"]
[Black "Bivol, Alina"]
[Result "1/2-1/2"]
[WhiteElo "2357"]
[BlackElo "2392"]
[Annotator "TA"]
[PlyCount "81"]
[EventDate "2021.10.09"]
[EventType "tourn"]
[EventCountry "RUS"]
[SourceTitle "playchess.com"]
[Source "ChessBase"]
[SourceQuality "1"]

{[%evp 18,81,37,34,54,45,55,57,45,50,43,47,46,59,62,19,24,18,10,7,5,0,23,0,26,
0,0,0,0,-10,-8,-22,-17,-14,-18,-22,-9,-9,0,0,13,0,0,0,3,6,8,0,0,0,0,0,0,0,0,0,
0,0,0,0,0,0,0,0,0,0]} 1. d4 d5 2. c4 e6 3. Nf3 Nf6 4. Nc3 Be7 5. Bf4 O-O 6. e3
c5 7. dxc5 Bxc5 8. a3 Nc6 9. Qc2 Qa5 10. Rd1 Re8 {10...Rd8 is becoming the
main line. D37: Queen's Gambit Declined: 5 Bf4.} 11. Nd2 e5 12. Bg5 Nd4 {
[%cal Rd4c2] White is slightly better.} 13. Qb1 ({But not} 13. exd4 exd4+ 14.
Be2 (14. Ne2 $2 Ng4 $19) 14... dxc3 $17) 13... Bf5 14. Bd3 Bxd3 15. Qxd3 Ne4
16. Nxd5 ({Inferior is} 16. exd4 exd4 17. O-O (17. Ncxe4 $2 dxe4 18. Qb1 e3 $17
{[%mdl 64] Pin}) 17... dxc3 $17) (16. Ncxe4 {looks sharper.} dxe4 17. Qxe4 Nb3
18. Qd3 Nxd2 19. Rxd2 h6 20. Bh4) 16... Nxg5 17. b4 Qd8 18. bxc5 {[#] And now
h4 would win.} Nde6 {[%cal Bd4e6,Be6c5,Bc5e4][%mdl 32]} 19. O-O Nxc5 {[#]} 20.
Qc2 $146 ({Predecessor:} 20. Qb1 Qc8 21. f4 exf4 22. Rxf4 f6 23. h4 Nf7 24.
Rxf6 gxf6 25. Nxf6+ Kf8 26. Qxh7 {1-0 (64) Tabatabaei,M (2629)-Esipenko,A 
(2682) Chess.com INT 2020}) 20... Nge6 21. Qc3 f6 {The position is equal.} 22.
f4 exf4 23. exf4 Nc7 24. Nb3 Ne4 25. Qb4 {[#] Nb6 is the strong threat.} Nxd5
26. Rxd5 Qe7 (26... Qc7 {keeps more tension.} 27. c5 Kh8 28. Rd4 Qc6 29. Qc4
Re7) 27. Re1 {Black should prevent Nc5.} Qxb4 (27... Qf7 {feels hotter.} 28.
Nd4 g6 29. f5 a5 30. Rxa5 Rxa5 31. Qxa5 Qxc4 32. Qb4 Qa2) 28. axb4 b6 29. Re3
Rac8 30. c5 bxc5 31. bxc5 Kf8 32. g4 Rc7 33. Kg2 a5 {[%cal Ba7a5,Ba5a4][%mdl
32]} 34. Kf3 a4 {White must now prevent ...Rce7.} 35. Rxe4 Rxe4 36. Kxe4 {
Threatens to win with Nd4.} axb3 $11 {KR-KR} 37. Rd8+ Ke7 38. Rb8 Rxc5 39. Rxb3
Rc4+ 40. Ke3 Rc7 41. Ke4 {Weighted Error Value: White=0.05/Black=0.03} 1/2-1/2

[Event "71st RUS-ch Superfinal Women 2021"]
[Site "Ufa"]
[Date "2021.10.10"]
[Round "2.3"]
[White "Galliamova, Alisa"]
[Black "Garifullina, Leya"]
[Result "1/2-1/2"]
[WhiteElo "2421"]
[BlackElo "2409"]
[Annotator "TA"]
[PlyCount "81"]
[EventDate "2021.10.09"]
[EventType "tourn"]
[EventCountry "RUS"]
[SourceTitle "playchess.com"]
[Source "ChessBase"]
[SourceQuality "1"]

{[%evp 16,81,0,0,11,8,12,12,7,7,15,18,15,7,18,7,6,0,0,0,1,0,0,0,12,12,14,4,17,
10,10,0,6,0,12,13,13,13,13,0,0,0,8,10,6,14,14,0,0,0,0,0,0,0,0,0,0,0,0,0,0,0,0,
0,0,0,0,0]} 1. d4 Nf6 2. c4 e6 3. g3 d5 4. Bg2 Be7 5. Nf3 O-O 6. O-O dxc4 7.
Qc2 a6 8. a4 c5 9. dxc5 {The position is equal.} Bxc5 {E05: Open Catalan: 5
Nf3 Be7.} 10. Qxc4 b6 11. Ne5 Ra7 12. Nd3 Be7 13. Nc3 Bb7 {[#]} 14. Bxb7 $146 (
{Predecessor:} 14. Rd1 Bxg2 15. Kxg2 Nbd7 16. Bf4 Qa8+ 17. f3 Rc8 18. Qa2 Nh5
19. Be3 Rac7 20. Rd2 {1-0 (28) Horbing,S (2090)-Niegsch,N (1998) Pardubice 2014
}) 14... Rxb7 15. Bf4 Qc8 16. Ne5 Qxc4 17. Nxc4 Nc6 18. Rfd1 h6 19. Bd6 b5 20.
Bxe7 Nxe7 21. axb5 axb5 22. Nd6 Rb6 23. Ncxb5 Rfb8 24. Nc3 Ned5 25. Nxd5 Nxd5
26. Nc4 Rb4 27. Rdc1 Rc8 28. Ne5 Rxc1+ 29. Rxc1 Rxb2 $11 {[%mdl 4096] Endgame
KRN-KRN} 30. Rc8+ Kh7 31. e4 Nf6 32. f3 (32. Rc7 {keeps more tension.} Nxe4 33.
Rxf7 Rb5 34. Nc4 Rb4 35. Ne3) 32... Rb7 33. Rf8 (33. h4 {seems wilder.} Nh5 34.
Kh2 f5 35. Rc4 Rb2+ 36. Kh3) 33... Nd7 $1 {[%cal Rd7f8]} 34. Nxd7 Rxd7 {KR-KR}
35. Kg2 h5 36. h4 g6 37. f4 Kg7 38. Ra8 Rd2+ 39. Kf3 Rd3+ 40. Kf2 Rb3 41. e5 {
An uneventful encounter.  Weighted Error Value: White=0.03/Black=0.02} 1/2-1/2

[Event "71st RUS-ch Superfinal Women 2021"]
[Site "Ufa"]
[Date "2021.10.10"]
[Round "2.5"]
[White "Gunina, Valentina"]
[Black "Guseva, Marina"]
[Result "1-0"]
[WhiteElo "2462"]
[BlackElo "2394"]
[Annotator "TA"]
[PlyCount "63"]
[EventDate "2021.10.09"]
[EventType "tourn"]
[EventCountry "RUS"]
[SourceTitle "playchess.com"]
[Source "ChessBase"]
[SourceQuality "1"]

{[%evp 9,63,29,33,24,28,29,30,25,31,23,20,22,44,41,70,78,135,113,198,177,247,
250,253,252,265,263,266,269,261,264,250,219,209,207,247,241,235,242,413,403,
755,747,750,735,930,910,811,592,925,652,604,508,1340,1262,1255,1210]} 1. e4 c6
2. d4 d5 3. e5 Bf5 4. Nc3 Qc7 5. g4 Bd7 6. f4 {B12: Caro-Kann: Advance
Variation.} e6 7. Nf3 c5 8. Be3 {White has an edge.} a6 9. Qd2 cxd4 10. Nxd4
Nc6 11. O-O-O {[#]} Bb4 $146 ({Predecessor:} 11... Nxd4 12. Bxd4 h5 13. gxh5
Ne7 14. Qf2 Rxh5 15. Be2 Rc8 16. Bxh5 {1-0 (16) Kauppinen,M (2388)-Legemaat,G 
(2351) ICCF email 2011}) 12. a3 {Black is on the road to losing.} Ba5 {[#]} (
12... Bf8 $142) 13. Nb3 $1 $16 b6 (13... Bxc3 $16 14. Qxc3 Nge7) 14. Nxa5 $18
Nxa5 (14... bxa5 $142 15. Be2 Nge7) 15. Qf2 Nc4 16. Bxc4 Qxc4 17. Bxb6 Rc8 18.
Rd4 Qc6 {[#]} 19. Ba5 Ne7 20. Bb4 Qb6 21. Bxe7 Kxe7 22. f5 {Black must now
prevent f6+.} Ke8 23. Rf1 Qd8 $2 (23... h6 {was called for.} 24. fxe6 Bxe6 25.
Nxd5 Bxd5) 24. fxe6 {[%csl Ge6,Gf1][%cal Rf2f7]} Qg5+ (24... Bxe6 $142 25. Ne4
{[%mdl 64] Pin} Qb6) 25. Kb1 {White is clearly winning.} Bxe6 26. Nxd5 h5 27.
h4 Qg6 28. gxh5 Qxh5 29. Nf4 Qf5 30. Nxe6 Qxe6 (30... Qxf2 $142 31. Nxg7+ Kf8
32. Rxf2 Kxg7) 31. Rd6 Qc4 32. b3 {Weighted Error Value: White=0.29/Black=0.30}
1-0

[Event "71st RUS-ch Superfinal Women 2021"]
[Site "Ufa"]
[Date "2021.10.10"]
[Round "2.6"]
[White "Shuvalova, Polina"]
[Black "Girya, Olga"]
[Result "1/2-1/2"]
[WhiteElo "2509"]
[BlackElo "2410"]
[Annotator "TA"]
[PlyCount "80"]
[EventDate "2021.10.09"]
[EventType "tourn"]
[EventCountry "RUS"]
[SourceTitle "playchess.com"]
[Source "ChessBase"]
[SourceQuality "1"]

{[%evp 19,80,24,35,0,0,-8,0,-12,0,-14,0,0,0,-13,-13,-35,-16,-12,-19,-6,-13,-6,
-20,-7,-20,-21,-17,-24,-14,-2,0,0,0,0,0,0,0,0,0,0,0,0,0,0,0,0,0,0,0,0,0,0,0,0,
0,0,0,0,0,0,0,0,0]} 1. e4 e5 2. Nf3 Nc6 3. Bb5 a6 4. Ba4 Nf6 5. O-O Nxe4 6. d4
b5 7. Bb3 d5 8. dxe5 Be6 9. Nbd2 Nc5 10. c3 Be7 11. Nd4 {C83: Open Ruy Lopez:
9 c3 Be7.} Nxe5 12. Bc2 Qd6 13. b4 Na4 {[#]} 14. Re1 $146 {[#] Hoping for Qh5.}
({Predecessor:} 14. Bxa4 bxa4 15. f4 Ng4 16. Nxe6 Qxe6 17. Qxa4+ c6 18. Nf3 O-O
19. Re1 Qd7 20. h3 {0-1 (79) Rivas Romero,G (2187)-Hofstetter,H (2329) ICCF
email 2017}) 14... Bg4 15. N2f3 Nxf3+ (15... Nxc3 $5 16. Qd2 $8 Ne4 17. Bxe4
dxe4 18. Nxe5 Qxe5 $11) 16. gxf3 Be6 ({And not} 16... Nxc3 17. Qd3 $16) 17. Be3
O-O 18. Qd3 {[%csl Gc2][%cal Rd3h7] [#]} g6 19. Bxa4 bxa4 20. Nxe6 fxe6 ({
Don't blunder} 20... Qxe6 $2 21. Bc5 $18) 21. Bc5 Qd7 {White must now prevent .
..Rf5.} 22. Bxe7 Qxe7 23. Qxd5 exd5 24. Rxe7 $11 {[%mdl 4096] Endgame KRR-KRR.
The position is equal.} c5 25. bxc5 Rac8 26. Rb1 Rf7 $1 {[%cal Rf7e7]} ({
But not} 26... Rxf3 $6 27. Rbb7 $16) 27. Rxf7 Kxf7 {KR-KR} 28. Rb7+ Kg8 29. Rb6
Rxc5 30. Rxa6 Rxc3 {...Ra3 is the strong threat.} 31. Rxa4 Rxf3 32. Ra7 Rc3 33.
Rd7 Ra3 34. Rxd5 Rxa2 35. Rd7 Rb2 36. Rc7 Ra2 37. Rd7 Rb2 38. Rc7 Ra2 39. Rd7
Rb2 40. Rc7 Ra2 {A rather calm draw.  Weighted Error Value: White=0.01/Black=0.
02} 1/2-1/2

[Event "71st RUS-ch Superfinal Women 2021"]
[Site "Ufa"]
[Date "2021.10.11"]
[Round "3.1"]
[White "Girya, Olga"]
[Black "Ovod, Evgenija"]
[Result "1/2-1/2"]
[WhiteElo "2410"]
[BlackElo "2331"]
[Annotator "ChessBase"]
[PlyCount "113"]
[EventDate "2021.10.09"]
[EventType "tourn"]
[EventCountry "RUS"]
[SourceTitle "playchess.com"]
[Source "ChessBase"]
[SourceQuality "1"]
[TimeControl "40/5400+30:1800+30"]

1. d4 {[%emt 0:00:02]} d5 {[%emt 0:00:05]} 2. c4 {[%emt 0:00:09]} e6 {[%emt 0:
00:06]} 3. Nf3 {[%emt 0:00:15]} Nf6 {[%emt 0:00:07]} 4. g3 {[%emt 0:00:09]} Be7
{[%emt 0:00:12]} 5. Bg2 {[%emt 0:00:50]} O-O {[%emt 0:00:08]} 6. Qc2 {[%emt 0:
06:41]} c5 {[%emt 0:00:06]} 7. dxc5 {[%emt 0:00:16]} d4 {[%emt 0:00:13]} 8. O-O
{[%emt 0:02:12]} Nc6 {[%emt 0:00:11]} 9. Bg5 {[%emt 0:01:22]} Bxc5 {[%emt 0:06:
24]} 10. Nbd2 {[%emt 0:01:39]} e5 {[%emt 0:02:02]} 11. a3 {[%emt 0:30:55]} a5 {
[%emt 0:03:07]} 12. Bxf6 {[%emt 0:02:21]} Qxf6 {[%emt 0:00:20]} 13. Ne4 {
[%emt 0:00:12]} Qe7 {[%emt 0:00:06]} 14. Nxc5 {[%emt 0:01:20]} Qxc5 {[%emt 0:
00:04]} 15. Ng5 {[%emt 0:04:57]} g6 {[%emt 0:00:12]} 16. Bd5 {[%emt 0:03:12]}
Kg7 {[%emt 0:18:59]} 17. Qd2 {[%emt 0:04:58]} h6 {[%emt 0:25:25]} 18. Ne4 {
[%emt 0:00:57]} Qe7 {[%emt 0:00:07]} 19. f4 {[%emt 0:07:27]} Bh3 {[%emt 0:01:
35]} 20. Rfe1 {[%emt 0:04:13]} Rfd8 {[%emt 0:09:00]} 21. fxe5 {[%emt 0:03:16]}
Qxe5 {[%emt 0:00:17]} 22. Qf4 {[%emt 0:02:04]} Qxf4 {[%emt 0:03:07]} 23. gxf4 {
[%emt 0:02:06]} Ne7 {[%emt 0:05:55]} 24. Bxb7 {[%emt 0:01:20]} Rab8 {[%emt 0:
00:50]} 25. Nc5 {[%emt 0:00:54]} Bc8 {[%emt 0:00:10]} 26. Bf3 {[%emt 0:04:57]}
Rxb2 {[%emt 0:00:33]} 27. Reb1 {[%emt 0:00:44]} Rc2 {[%emt 0:03:20]} 28. Rc1 {
[%emt 0:00:01]} Rb2 {[%emt 0:07:21]} 29. Rcb1 {[%emt 0:00:41]} Rc2 {[%emt 0:00:
17]} 30. Rc1 {[%emt 0:00:49]} Rb2 {[%emt 0:00:10]} 31. Nd3 {[%emt 0:07:20]} Rb3
{[%emt 0:01:38]} 32. a4 {[%emt 0:00:29]} Bd7 {[%emt 0:07:00]} 33. Nc5 {[%emt 0:
00:38]} Rb4 {[%emt 0:00:11]} 34. Rab1 {[%emt 0:01:22]} Bc6 {[%emt 0:03:28]} 35.
Rxb4 {[%emt 0:00:10]} axb4 {[%emt 0:00:02]} 36. Kf2 {[%emt 0:03:37]} Ra8 {
[%emt 0:00:27]} 37. Nb3 {[%emt 0:01:43]} Rxa4 {[%emt 0:03:14]} 38. Nxd4 {
[%emt 0:00:23]} Bxf3 {[%emt 0:00:21]} 39. Kxf3 {[%emt 0:00:05]} Ra3+ {[%emt 0:
00:10]} 40. e3 {[%emt 0:00:00]} Nf5 {[%emt 0:00:00]} 41. Nxf5+ {[%emt 0:03:06]}
gxf5 {[%emt 0:02:29]} 42. Rb1 {[%emt 0:02:49]} b3 {[%emt 0:13:48]} 43. Ke2 {
[%emt 0:00:17]} Kf6 {[%emt 0:00:48]} 44. Kd2 {[%emt 0:04:42]} Ra2+ {[%emt 0:01:
07]} 45. Kc3 {[%emt 0:00:36]} Rxh2 {[%emt 0:01:47]} 46. Rxb3 {[%emt 0:00:09]}
h5 {[%emt 0:00:23]} 47. Rb6+ {[%emt 0:02:03]} Ke7 {[%emt 0:00:22]} 48. Kd4 {
[%emt 0:02:10]} f6 {[%emt 0:03:02]} 49. Rb7+ {[%emt 0:00:59]} Ke6 {[%emt 0:00:
41]} 50. Kc5 {[%emt 0:03:49]} h4 {[%emt 0:00:22]} 51. Rh7 {[%emt 0:03:22]} h3 {
[%emt 0:00:28]} 52. Kc6 {[%emt 0:06:24]} Rc2 {[%emt 0:00:38]} 53. c5 {[%emt 0:
00:40]} h2 {[%emt 0:00:16]} 54. Rh8 {[%emt 0:01:03]} Rb2 {[%emt 0:04:11]} 55.
Rh7 {[%emt 0:01:51]} Rc2 {[%emt 0:00:10]} 56. Rh5 {[%emt 0:01:28]} Rb2 {
[%emt 0:01:07]} 57. Rh7 {[%emt 0:00:37]} 1/2-1/2

[Event "71st RUS-ch Superfinal Women 2021"]
[Site "Ufa"]
[Date "2021.10.11"]
[Round "3.2"]
[White "Guseva, Marina"]
[Black "Shuvalova, Polina"]
[Result "0-1"]
[WhiteElo "2394"]
[BlackElo "2509"]
[Annotator "ChessBase"]
[PlyCount "76"]
[EventDate "2021.10.09"]
[EventType "tourn"]
[EventCountry "RUS"]
[SourceTitle "playchess.com"]
[Source "ChessBase"]
[SourceQuality "1"]
[TimeControl "40/5400+30:1800+30"]

1. d4 {[%emt 0:00:02]} d5 {[%emt 0:00:04]} 2. c4 {[%emt 0:00:05]} e6 {[%emt 0:
00:06]} 3. Nf3 {[%emt 0:00:04]} dxc4 {[%emt 0:00:16]} 4. e3 {[%emt 0:07:46]}
Nf6 {[%emt 0:00:06]} 5. Bxc4 {[%emt 0:00:05]} c5 {[%emt 0:00:04]} 6. O-O {
[%emt 0:00:03]} a6 {[%emt 0:00:02]} 7. Qe2 {[%emt 0:05:47]} b5 {[%emt 0:02:23]}
8. Bd3 {[%emt 0:00:05]} Bb7 {[%emt 0:02:15]} 9. dxc5 {[%emt 0:03:18]} Nc6 {
[%emt 0:02:55]} 10. a3 {[%emt 0:24:08]} Bxc5 {[%emt 0:01:56]} 11. b4 {[%emt 0:
00:05]} Bb6 {[%emt 0:05:56]} 12. Bb2 {[%emt 0:02:39]} O-O {[%emt 0:00:39]} 13.
Nbd2 {[%emt 0:01:37]} Qe7 {[%emt 0:22:42]} 14. Rac1 {[%emt 0:00:19]} Rac8 {
[%emt 0:04:53]} 15. Ng5 {[%emt 0:10:23]} Rfd8 {[%emt 0:05:45]} 16. Nb3 {
[%emt 0:13:36]} Nb8 {[%emt 0:05:51]} 17. Rxc8 {[%emt 0:01:53]} Rxc8 {[%emt 0:
03:28]} 18. Bxf6 {[%emt 0:04:04]} gxf6 {[%emt 0:04:08]} 19. Qh5 {[%emt 0:02:46]
} Kf8 {[%emt 0:00:25]} 20. Qxh7 {[%emt 0:07:48]} Qd7 {[%emt 0:02:12]} 21. Nf3 {
[%emt 0:07:46]} Bxf3 {[%emt 0:09:58]} 22. gxf3 {[%emt 0:00:05]} Ke7 {[%emt 0:
00:07]} 23. Rc1 {[%emt 0:05:29]} Rf8 {[%emt 0:09:59]} 24. Nc5 {[%emt 0:01:21]}
Bxc5 {[%emt 0:07:39]} 25. Rxc5 {[%emt 0:00:22]} Rd8 {[%emt 0:00:31]} 26. Be4 {
[%emt 0:01:00]} Qd6 {[%emt 0:03:00]} 27. Kg2 {[%emt 0:00:36]} Nd7 {[%emt 0:00:
43]} 28. Rc6 {[%emt 0:00:42]} Qb8 {[%emt 0:00:52]} 29. Qh4 {[%emt 0:00:32]} Ne5
{[%emt 0:03:25]} 30. Rxa6 {[%emt 0:00:26]} Rh8 {[%emt 0:01:53]} 31. Bh7 {
[%emt 0:00:33]} Qb7 {[%emt 0:00:19]} 32. Ra5 {[%emt 0:00:19]} Qxf3+ {[%emt 0:
00:15]} 33. Kf1 {[%emt 0:00:13]} Qd1+ {[%emt 0:00:05]} 34. Kg2 {[%emt 0:00:05]}
Qf3+ {[%emt 0:00:03]} 35. Kf1 {[%emt 0:00:03]} Rc8 {[%emt 0:01:20]} 36. Ra7+ {
[%emt 0:00:03]} Nd7 {[%emt 0:00:23]} 37. Rxd7+ {[%emt 0:00:03]} Kxd7 {[%emt 0:
00:05]} 38. Qd4+ {[%emt 0:00:03]} Ke7 {[%emt 0:00:30]} 0-1